000 00637nam a2200181Ia 4500
008 100920s9999 xx 000 0 und d
082 _b100580
_a28 व 891 न 08
100 _aबारटक्के सुहास.
245 _aबल्या व इतर कथा.
260 _bदिलीपराज प्रकाशन,पुणे.
_c2008
300 _a80
_bसाधी
365 _b60
520 _aबा.वि.लघुकथा.
630 _aबल्या व इतर कथा.
650 _aबा.वि.लघुकथा.
730 _aबल्या व इतर कथा.
942 _cBOOK
999 _c741018
_d741015